| 000 | 01359nam a2200325 i 4500 | ||
|---|---|---|---|
| 001 | 000027385 | ||
| 003 | DO-SdBNP | ||
| 005 | 20250704123002.0 | ||
| 007 | ta | ||
| 008 | 110331s1985 dr ac 001 0dspa d | ||
| 040 |
_aDO-SdBNP _bspa _cBNPHU _erda |
||
| 041 | _aspa | ||
| 049 | _aBNPD | ||
| 082 | 4 |
_a923.946 _bC719s _222 |
|
| 111 | 2 |
_aSeminario sobre los restos de Cristobal Colón _d(1985, abr. 19-20 : _cSanto Domingo, República Dominicana) _954459 |
|
| 245 | 0 | 0 | _aSeminario sobre los restos de Cristóbal Colon. |
| 264 | 1 |
_aSanto Domingo, República Dominicana, : _bAcademia de Ciencias de la República Dominicana, _c1985. |
|
| 300 |
_a93 páginas : _bilustraciones, retratos ; _c21 cm. |
||
| 336 |
_atexto _btxt _2rdacontent |
||
| 337 |
_asin mediación _bn _2rdamedia |
||
| 338 |
_avolumen _bnc _2rdacarrier |
||
| 500 | _aIncluye referencias bibliográficas y notas al final de capítulos. | ||
| 590 | _aInventariado, 2025/BT | ||
| 600 | 1 | 0 |
_aColón, Cristobal, _d1451-1506 _xCongresos, conferencias, etc. _954460 |
| 650 | 4 |
_aExploradores _zAmérica _xCongresos, conferencias, etc. _954461 |
|
| 650 | 4 |
_aAmérica _xDescubrimiento y exploraciones _xCongresos, conferencias, etc. _954462 |
|
| 710 | 2 |
_aAcademia de Ciencias de la República Dominicana. _bComisión de Historia _954463 |
|
| 910 | _aValidado. Control de calidad EMS | ||
| 942 |
_2ddc _cLBS1 |
||
| 999 |
_c26877 _d26877 |
||